1457 1711 1252 1438 1574 1450 1841 1912 1921 1150 1236 1918 1459 1974 1180 1548 1386 1589 1677 1977 1666 1574 1993 1089 1225 1103 1383 1597 1940 1881 1410 1758 1687 1434 1374 1616 1839 1547 1675 1743 1876 1362 1868 1100 1528 1928 1410 1734 1033 1460 1580 1448 1265 1249 1631 1841 1839 1765 1161 1514 1847 1627 1128 1352 1530 1570 1889 1529 1011 1094 1771 1147 1137 1316 1777 1988 1273 1879 1976 1564 1044 1616 1150 1087 1923 1804 1117 1303 1864 1554 1449 1264 1156 1124 1374 1638 1821 1351 1398 BCNSPRNW ULIB Ver.6.0+V

เปลี่ยนเป็นภาษาไทย

Change to English
 แสดงรายละเอียดบรรณานุกรม
  กลับหน้าหลัก

Brief Record : Get Marc (ISO 2709) : E-mail record : QR code < ปิดหน้าต่าง
LEADER : 00000nam 2200000uu 4500
001    13399111154
003     ULIB
008    110617s||||||||th 000 0 tha d
020    9786115070077
050 04 BF637.S8^bล966ก 2552
100 1  ฮัลโลเวลล์, เอ็ดเวิร์ด เอ็ม
245 10 กล้าให้อภัย = Dare to forgive /^cเอ็ดเวิร์ด, เอ็มฮัล โลเวลล์
246 31 Dare to forgive
250    พิมพ์ครั้งที่ 1
260    กรุงเทพฯ :^bหมอชาวบ้าน,^c2552
300    317 หน้า :^bภาพประกอบ
650  7 การให้อภัย
650  7 การดำเนินชีวิต
945    ^p195^l0^i026357
945    ^p195^l0^i026355
945    ^p195^l0^i026356
995    ทศพร
999 ^a ใช้งานได้ทุกระบบ
รายการนี้ยังไม่มีแท็ก
คุณยังไม่ได้ล็อกอิน คุณสามารถมีกิจกรรมร่วมกับเว็บไซต์ได้ แต่ต้องล็อกอินก่อน ::
  ล็อกอิน

รายการสื่อสารสนเทศ

ลำดับที่ ประเภท เลขเรียก/บาร์โค้ด สถานที่ สถานะ
- ไม่พบข้อมูล -

รายการใกล้เคียง
    ผู้แต่ง [ฮัลโลเวลล์, เอ็ดเวิร์ด เอ็ม]

    หัวเรื่อง [การให้อภัย]
    หัวเรื่อง [การดำเนินชีวิต]

BibComment


ยังไม่เคยถูกคอมเมนท์

คอมเมนท์ทรัพยากรรายการนี้
  คอมเมนท์: กล้าให้อภัย Dare..


 Copyright 2026. Bcnsprnw @Library